00346nam a2200169Ia 4500003000900000008004100009040001300050040001300063041000800076100001900084245002300103260001400126260000900140300001100149300001000160490000600170IT-RoPAU120407s9999 xx 000 0 und d aIT-RoPAU cIT-RoPAU aita aIgnazio Silone aFontamara. Romanzo aMondadori c1966 a234 p. c19 cm v1